3-Word Rhyming Answers #2 - Statistics

General Stats
  • This quiz has been taken 347 times
  • The average score is 8 of 20
Answer Stats
Hint Answer % Correct
Chef stole the chess piece Cook took rook
78%
Fly away, escaped honey maker! Flee, free bee!
69%
Misplace Mr. Hefner's footwear Lose Hugh's shoes
59%
Be afraid of strange ale Fear queer beer
57%
Death to you, Bangkok 007! Die, Thai spy!
56%
I should put faith in sexual desire Must trust lust
53%
Up to date church seat is owing New pew due
52%
Win 2-squared additional points Score four more
52%
Assign fault to disabled lady Blame lame dame
50%
Listened to bronze place utterance Heard third word
47%
Destroy pack of cards in Prague Wreck Czech deck
46%
Strangle the penniless guy Choke broke bloke
45%
Naughty boy from N'Djamena Bad Chad lad
35%
Soak a Parisian working girl Drench French wench
34%
Silence the pretty wind instrument Mute cute flute
28%
Flunk blind Moby Dick's reading test Fail whale braille
25%
Strip hair off Tibetan oxens' rears Wax yaks' backs
25%
Quiz an anxious visitor Test stressed guest
16%
Surveil the knave of spades Track black jack
11%
Execute a below-the-belt punch Throw low blow
7%
No matching quizzes found
Score Distribution
Percent of People with Each Score
Percentile by Number Answered
Your Score History
You have not taken this quiz